| 000 | 00607nam a2200217Ii 4500 | ||
|---|---|---|---|
| 003 | JO-AjNU | ||
| 008 | 230605s9999||||xx |||||||||||||| ||und|| | ||
| 017 | _a2011/6/2219 | ||
| 040 |
_aJO-AjNU _bara _erda _cJO-AjNU |
||
| 041 | _aara | ||
| 050 | 1 | 4 | _aPJ7864.N3438 2014 |
| 100 | 3 |
_aناجي، حسن, _eauthor _947608 |
|
| 245 | 0 | 0 | _aقبعة عطر: ديوان شعر |
| 250 | _aط1 | ||
| 264 | 3 | 1 | _aعمان: د.ن، 2014 |
| 300 | _a227ص | ||
| 336 |
_atext _btxt _2rdacontent |
||
| 337 |
_aunmediated _bn _2rdamedia |
||
| 338 |
_avolume _bnc _2rdacarrier |
||
| 650 | 4 |
_aالشعر العربي _947609 |
|
| 999 |
_aA20794 _c24362 _d24362 |
||